01017nab a22002297a 4500999001500000003000400015005001700019008004100036040000700077100003200084245010600116260004200222300001300264500003700277505017300314505008900487650002600576650002200602650002500624773012500649942001300774 c6571d6571OSt20260224131611.0190506c xxu||||| |||| 00| 0 spa d cPJ 97146aGelvez, Claudia M. M.10aTeletrabajo e implementación del sistema híbrido en el ámbito judicial /cClaudia M. M. Gelvez. aBuenos Aires :bAbeledoPerrot,c2024. ap. 19-24 aCita: TR LALEY AR/DOC/2546/2024. aSumario: I. Introducción.— II. Desarrollo.— III. Régimen legal del contrato de teletrabajo. Modalidad de teletrabajo.— IV. Conclusión.— V. Bibliografía. t¿Te interesa el texto completo? Comunicate al correo: koha@justierradelfuego.gov.ar 091316aDERECHO LABORAL 094439aTELETRABAJO 09217aPODER JUDICIAL 0 0275193202dBuenos Aires : AbeledoPerrot, 2013-tRevista de derecho laboral y seguridad social. Nº 22 - Noviembre 2024 2udccANA